Critical cases in organisational behaviour

Αποθηκεύτηκε σε:
Λεπτομέρειες βιβλιογραφικής εγγραφής
Κύριος συγγραφέας: Corbett, Martin J.
Μορφή: Βιβλίο
Γλώσσα:English
Δημοσίευση: London : Macmillan, 1994
Σειρά:Management, work and organisations
Θέματα:
Ετικέτες: Προσθήκη ετικέτας
Δεν υπάρχουν, Καταχωρήστε ετικέτα πρώτοι!

MARC

LEADER 00000nam a2200000 i 4500
001 1/53027
008 980317s1994 eng d
020 |a 0333577515 
035 |l 10027449 
040 |a GR-MY-UA  |b gre  |e aacr 
041 0 |a eng 
082 0 |a 658.3 
100 1 |a Corbett, Martin J. 
245 1 0 |a Critical cases in organisational behaviour /  |c J. Martin Corbett 
260 |a London :   |b Macmillan,   |c 1994 
300 |a 290 p. 
490 1 |a Management, work and organisations 
504 |a Includes index 
650 0 0 |a Organizational behavior. 
830 0 |a Management, work and organisations 
852 |a INST  |b CHIOS  |e 19980317  |h 658.3 COR  |p 005200009681  |q 005200009681  |t BK  |y 0 
901 |a BIBL-1998-1 
909 |a Χ  |b 054017 
922 |a 2ΕΛΗ  |b 199802  |c ΤΔΕ  |d ΠΑΠΑΣΩΤΗΡΙΟΥ